000
00321nam a2200133Ia 4500
008
240624s9999 xx 000 0 und d
041
_a
eng
082
_a
658.84 KUL
100
_a
KULKARNI PARAG
245
_a
E BUSINESS
260
_c
2012
_a
New Delhi
_b
Oxford
300
_a
xviii, : 452 : p. : cm. ; 26
365
_c
RS
_b
31
999
_c
24887
_d
24887